<?xml version="1.0" encoding="UTF-8"?>
<record
    xmlns:xsi="http://www.w3.org/2001/XMLSchema-instance"
    xsi:schemaLocation="http://www.loc.gov/MARC21/slim http://www.loc.gov/standards/marcxml/schema/MARC21slim.xsd"
    xmlns="http://www.loc.gov/MARC21/slim">

  <leader>01508nam a2200301 a 4500</leader>
  <controlfield tag="001">1116795</controlfield>
  <controlfield tag="003">OSt</controlfield>
  <controlfield tag="005">20220606120457.0</controlfield>
  <controlfield tag="008">090901s2000    sp a   gr     0001d spa d</controlfield>
  <datafield tag="020" ind1=" " ind2=" ">
    <subfield code="a">9788437615073</subfield>
  </datafield>
  <datafield tag="040" ind1=" " ind2=" ">
    <subfield code="a">CO-BoBLA </subfield>
    <subfield code="b">spa </subfield>
    <subfield code="c">CO-MqBPB</subfield>
  </datafield>
  <datafield tag="041" ind1="1" ind2=" ">
    <subfield code="a">spa </subfield>
    <subfield code="h">eng</subfield>
  </datafield>
  <datafield tag="082" ind1="0" ind2="4">
    <subfield code="a">AT</subfield>
    <subfield code="b">ALBq</subfield>
  </datafield>
  <datafield tag="100" ind1="1" ind2=" ">
    <subfield code="a">Albee, Edward, </subfield>
    <subfield code="d">1928-2016.</subfield>
  </datafield>
  <datafield tag="245" ind1="1" ind2="0">
    <subfield code="a">Qui&#xE9;n le teme a Virginia Woolf? / </subfield>
    <subfield code="c">Edward Albee</subfield>
  </datafield>
  <datafield tag="250" ind1=" " ind2=" ">
    <subfield code="a">2a. ed.</subfield>
  </datafield>
  <datafield tag="260" ind1="3" ind2=" ">
    <subfield code="a">Madrid : </subfield>
    <subfield code="b">C&#xE1;tedra, </subfield>
    <subfield code="c">2015.</subfield>
  </datafield>
  <datafield tag="300" ind1=" " ind2=" ">
    <subfield code="a">233 p. : </subfield>
    <subfield code="b">il. ; </subfield>
    <subfield code="c">18 cm.</subfield>
  </datafield>
  <datafield tag="440" ind1=" " ind2="0">
    <subfield code="a">Letras universales ; </subfield>
    <subfield code="v">251</subfield>
  </datafield>
  <datafield tag="500" ind1=" " ind2=" ">
    <subfield code="a">&#xBF;QUI&#xC9;N TEME A VIRGINIA WOOLF?
El centro expl&#xED;cito de &#xBF;Qui&#xE9;n teme a Virginia Woolf? es la relaci&#xF3;n entre las ilusiones privadas, &#xED;ntimas, de los individuos, mentiras que mediatizan nuestra existencia en el mundo, y la propia realidad, incontrolable, dif&#xED;cil, que apenas ofrece resquicio a la esperanza.

A pesar de sus di&#xE1;logos lacerantes y de un lenguaje cuya sustancia es la mentira, las relaciones entre George y Martha, las relaciones entre los seres humanos, necesitan mantener las fantas&#xED;as como juego, admitir que habr&#xE1; dolor, que nunca habr&#xE1; felicidad, pero que al menos el individuo tampoco estar&#xE1; del todo solo.</subfield>
  </datafield>
  <datafield tag="534" ind1=" " ind2=" ">
    <subfield code="p">T&#xFFFD;tulo original : </subfield>
    <subfield code="t">Who's afraid of Virginia Woolf?.</subfield>
  </datafield>
  <datafield tag="650" ind1=" " ind2=" ">
    <subfield code="a">Teatro estadounidense.</subfield>
  </datafield>
  <datafield tag="650" ind1=" " ind2=" ">
    <subfield code="a">Conyuges</subfield>
    <subfield code="v"> Teatro.</subfield>
  </datafield>
  <datafield tag="650" ind1=" " ind2=" ">
    <subfield code="a">Relaciones familiares</subfield>
    <subfield code="v"> Teatro.</subfield>
  </datafield>
  <datafield tag="700" ind1="1" ind2=" ">
    <subfield code="a">Mira, Alberto, </subfield>
    <subfield code="d">1965-, </subfield>
    <subfield code="e">ed.</subfield>
  </datafield>
  <datafield tag="942" ind1=" " ind2=" ">
    <subfield code="2">ddc</subfield>
    <subfield code="c">BKLIT</subfield>
  </datafield>
  <datafield tag="949" ind1=" " ind2=" ">
    <subfield code="a">n        </subfield>
    <subfield code="b">n</subfield>
  </datafield>
  <datafield tag="999" ind1=" " ind2=" ">
    <subfield code="c">14287</subfield>
    <subfield code="d">14287</subfield>
  </datafield>
  <datafield tag="952" ind1=" " ind2=" ">
    <subfield code="0">0</subfield>
    <subfield code="1">0</subfield>
    <subfield code="2">ddc</subfield>
    <subfield code="4">2</subfield>
    <subfield code="7">0</subfield>
    <subfield code="8">LA</subfield>
    <subfield code="a">BPMOS</subfield>
    <subfield code="b">BPMOS</subfield>
    <subfield code="d">2022-06-06</subfield>
    <subfield code="e">Compra BPSJBM 2022</subfield>
    <subfield code="l">0</subfield>
    <subfield code="o">AT ALBq</subfield>
    <subfield code="p">MOS502350</subfield>
    <subfield code="r">2022-06-06</subfield>
    <subfield code="t">ej 1</subfield>
    <subfield code="w">2022-06-06</subfield>
    <subfield code="y">BKLIT</subfield>
    <subfield code="z">Quince dias</subfield>
  </datafield>
</record>
